Movies Quiz

Random Movies or Disney Quiz

The Answer is a Film Title Quiz Stats

 Plays Quiz Updated Mar 29, 2014

Challenge
Share
Tweet
Embed
Score 0/18 Timer 04:00
2 Plays Today
% Correct
The Deer Hunter
94%
Gladiator
93.1%
Casino
91.8%
The Thing
90.3%
Seven Psychopaths
90.1%
3 Idiots
89.4%
Taxi Driver
88.9%
Chicago
88.7%
The Birds
88.5%
% Correct
Aliens
88.1%
Metropolis
87.7%
12 Angry Men
87.7%
Philadelphia
87.1%
The Good, the Bad and the Ugly
86.8%
All About Eve
86.6%
Men in Black
84.1%
Chinatown
81.8%
Prisoners
79.2%

You're not logged in!

Compare scores with friends on all Sporcle quizzes.
Join for Free
OR
Log In

You Might Also Like...

Show Comments

Extras

Top Quizzes Today


Score Distribution

Your Account Isn't Verified!

In order to create a playlist on Sporcle, you need to verify the email address you used during registration. Go to your Sporcle Settings to finish the process.

Report this User

Report this user for behavior that violates our Community Guidelines.

Details: